| 000 | 01509nam a2200301 i 4500 | ||
|---|---|---|---|
| 001 | 179767 | ||
| 003 | ES-MaACL | ||
| 005 | 20250828093557.0 | ||
| 008 | 120119s2011 sp ao |||| | spa d | ||
| 020 | _a978-84-9895-129-5 | ||
| 080 | _a821.134.2-2.09"19"(063) | ||
| 110 | 2 |
_aUniversidad Nacional de Educación a Distancia (España). _bCentro de Investigación de Semiótica Literaria, Teatral y Nuevas Tecnologías. _bSeminario Internacional _n(20º. _d2010. _cMadrid) _9149136 |
|
| 245 | 1 | 3 |
_aEl teatro breve en los inicios del siglo XXI _b: actas del XX Seminario Internacional del Centro de Investigación de Semiótica Literaria, Teatral y Nuevas Tecnologías / _cJosé Romera Castillo (ed.), con la colaboración de Francisco Gutiérrez Carbajo y Marina Sanfilippo. |
| 260 |
_aMadrid : _bVisor, _c[2011] |
||
| 300 |
_a525 p. : _bil., fot. ; _c21 cm. |
||
| 490 | 1 |
_aBiblioteca filológica hispana ; _v129 |
|
| 504 | _aReferencias bibliográficas. | ||
| 650 | 7 |
_aTeatro español- _yS.XX- _vCongresos y asambleas. _917359 |
|
| 650 | 4 |
_aTeatro español- _yS.XXI- _vCongresos y asambleas. _9138731 |
|
| 650 | 7 |
_aTeatro alternativo _2embne _9142682 |
|
| 700 | 1 |
_aRomera Castillo, José, _d1946- _999292 |
|
| 700 | 1 |
_aGutiérrez Carbajo, Francisco. _961103 |
|
| 700 | 1 |
_aSanfilippo, Marina. _9149135 |
|
| 830 | 0 |
_aBiblioteca filológica hispana ; _v129 _9179654 |
|
| 852 |
_aES-MaACL _jA-11909 _9186667 _bR.148326 _cDEPO1 _dOlim: N-4914 |
||
| 942 |
_2udc _cMONOGRAFIA |
||
| 999 |
_c179767 _d179767 |
||